[Event "Seville-ch"]
[Site "Seville"]
[Date "2013.01.29"]
[Round "4"]
[White "Gonzalez Galvan, Juan Manuel"]
[Black "Vicente Garrote, Jose Maria"]
[Result "1-0"]
[WhiteElo "2313"]
[BlackElo "1922"]
[PlyCount "63"]
[EventDate "2013.01.26"]
[EventType "swiss"]
[EventRounds "6"]
[EventCountry "ESP"]
[SourceTitle "EXT 2014"]
[Source "ChessBase"]
[SourceDate "2013.11.20"]
[SourceVersion "1"]
[SourceVersionDate "2013.11.20"]
[SourceQuality "1"]

1. e4 c5 2. Nc3 Nc6 3. Bb5 e6 4. Bxc6 bxc6 5. d3 d5 6. f4 Nf6 7. Nf3 Ba6 8. e5 Nd7 9. 0-0 Be7 10. Qe1 0-0 11. b3 Rb8 12. Ne2 c4 13. bxc4 dxc4 14. d4 c5 15. Qg3 Re8 16. f5 exf5 17. d5 Bf8 18. Bf4 Rb2 19. Nh4 Rxc2 20. Nxf5 Kh8 21. Rf2 Qb6 22. Ne3 Rb2 23. Raf1 c3 24. Re1 Bd3 25. Nxc3 Rxf2 26. Qxf2 Nxe5 27. Ng4 f6 28. Bxe5 fxe5 29. Nxe5 Bg6 30. Nxg6+ Qxg6 31. Re6 Rxe6 32. Qxf8# 1-0